01065cam a22003254i 4500003000900000005001700009008004100026035001900067040003300086082001700119100002500136245003900161264004900200300003000249336002100279337002500300338002300325505029500348526001000643526001000653526001000663526001000673526000800683526000800691526000800699526000800707526000800715526000800723526000800731PE-LiUPU20250731173216.0150625s r 000 0 d a(Sirsi) a33072 aPE-LiUPUbspacPE-LiUPUerda04a225bF342211 aFeine, Paul,eautor.10aIntroduction To The New Testament. 1aNew York :bNashville abingdon press,c1966. a444 páginas ;c23.5 cm. atext2rdacontent aunmediated2rdamedia avolume2rdacarrier0 aThe origin of the new testament writings. -The narrative books: The synoptic gospel and the acts of the apostles. -The epistles: The pauline epistles. The catholic epistles. -The apocalyptic book. -The origin of the canon of the new testament. -The history of the text of the new testament. aSEG42 aSEG41 aSEG40 aSEG39 aP94 aP87 aP86 aP85 aP77 aP76 aP35